Journal of Nursing Science and Practice (Record no. 37373)

MARC details
000 -LEADER
fixed length control field 00437nam a2200145Ia 4500
020 ## - INTERNATIONAL STANDARD BOOK NUMBER
ISBN 978-81- 964209- 8- 7
050 ## - CALL MARK
Classification number RT86. 7. J68
245 ## - TITLE STATEMENT
Title Journal of Nursing Science and Practice
250 ## - EDITION / VOLUME STATEMENT
Edition / Volume statement Vol. ii, No. 1
260 ## - PUBLICATION, DISTRIBUTION, ETC. (IMPRINT)
Place of publication New Delhi
Name of publisher A. P. H. Publication Corporation
Year of publication 2025
300 ## - PHYSICAL DESCRIPTION
Number of Pages vi, 184 p. ; ill. 24 cm.
650 ## - SUBJECT ADDED ENTRY--TOPICAL TERM
Topical Term Nursing--Practice--Periodicals Nursing--Periodicals
942 ## - ADDED ENTRY ELEMENTS (KOHA)
Koha item type Serials
Source of classification Library of Congress Classification

No items available.